Loading...
Science - Chemistry | 0 | 7 | 3 | 0 | 55 | 53 | 57.57 | 0 | 5 |
Science - Physics | 0 | 6 | 2 | 0 | 50 | 40 | 53.67 | 1 | 5 |
Science - Biology | 0 | 5 | 0 | 2 | 50 | 46 | 74.00 | 0 | 1 |
History - American History | 0 | 4 | 1 | 1 | 35 | 43 | 69.00 | 1 | 1 |
Fine Arts - Classical Music | 0 | 4 | 2 | 0 | 30 | 35 | 61.75 | 1 | 2 |
Fine Arts - Other Fine Arts | 0 | 2 | 1 | 0 | 15 | 100 | 100.00 | 0 | 2 |
History - World History | 0 | 1 | 0 | 0 | 10 | 61 | 61.00 | 0 | 1 |
History - European History | 0 | 1 | 0 | 0 | 10 | 47 | 47.00 | 0 | 1 |
History - Other History | 0 | 1 | 0 | 0 | 10 | 82 | 82.00 | 0 | 1 |
Mythology | 0 | 2 | 2 | 0 | 10 | 37 | 54.50 | 2 | 2 |
Religion | 0 | 2 | 2 | 0 | 10 | 68 | 96.00 | 0 | 0 |
Science - Other Science | 0 | 2 | 2 | 0 | 10 | 58 | 58.00 | 2 | 2 |
Current Events | 0 | 1 | 1 | 0 | 5 | 31 | 31.00 | 1 | 1 |